| 000 | 00661nam a2200217 a 4500 | ||
|---|---|---|---|
| 999 |
_c8418 _d8418 |
||
| 001 | 8418 | ||
| 003 | BD-JhCC | ||
| 005 | 20180224111601.0 | ||
| 008 | 171219s2005 bg a|||| ||a| 000 0 ben d | ||
| 035 | _a(BD-JhCC)8418 | ||
| 040 |
_aBD-JhCC _dBD-JhCC |
||
| 041 | _aben | ||
| 082 |
_a540 _bALI 2005 |
||
| 100 | _aআলী, মুহম্মদ ইদ্রিস | ||
| 245 |
_aরসায়ন-II / _cমুহম্মদ ইদ্রিস আলী |
||
| 260 |
_aঢাকা : _bকোয়ালিটি পাবলিকেশন, _c2005. |
||
| 300 |
_a1072 p. : _c22 cm. |
||
| 650 | _aChemistry | ||
| 942 |
_2ddc _cBK |
||